=LDR 00000nam 2200000 4500 =001 INLIS000000000017706 =005 20200506092408 =035 ##$$a 0010-061300000017706 =008 200506################g##########0#ind## =041 ##$$a Ind =082 ##$$a 2x3.131 =090 ##$$a 2x3.131, Bad p =100 ##$$a Badr, Abdurrazzaq Bin Abdul Muhsin Al-Abbad Al =245 1#$$a Pasang surut keimanan /$c Abdurrazzaq Bin Abdul Muhsin Al-Abbad Al-Badr ; penerjemah, Abu Ihsan Al-Atsari =260 ##$$a Solo :$b At-Tibyan,$c [ s.a ] =300 ##$$a 240 hlm ; $c 18 x 12 cm =650 #4$$a Keimanan =850 ##$$a NBPNMAT =084 ##$$a 2x3.131 BAD p =990 ##$$a 20605776 =990 ##$$a 20605777 =990 ##$$a 20605778 =990 ##$$a 20605779